Sports Quiz

Random Sports or Baseball Quiz
Score 0/108 Timer 07:00
5 Plays Today
HRs Player % Correct
44 Miguel Cabrera
95.9%
37Miguel Cabrera
95.8%
34Miguel Cabrera
95.8%
38Miguel Cabrera
95.8%
30Miguel Cabrera
95.8%
44Miguel Cabrera
95.8%
25Miguel Cabrera
95.8%
38Miguel Cabrera
95.8%
51Cecil Fielder
93.1%
44Cecil Fielder
93%
35Cecil Fielder
93%
30Cecil Fielder
93%
28Cecil Fielder
93%
31Cecil Fielder
93%
26Cecil Fielder
93%
30Prince Fielder
92.9%
25Prince Fielder
92.9%
58Hank Greenberg
88.1%
44Hank Greenberg
88.1%
26Hank Greenberg
88%
36Hank Greenberg
88%
40Hank Greenberg
88%
33Hank Greenberg
88%
41Hank Greenberg
88%
29Al Kaline
84.8%
27Al Kaline
84.8%
27Al Kaline
84.8%
27Al Kaline
84.8%
27Al Kaline
84.8%
29Al Kaline
84.8%
25Al Kaline
84.8%
28Alan Trammell
80%
28Lou Whitaker
73.6%
32Victor Martinez
73.4%
38J.D. Martinez
73.3%
27Victor Martinez
73.1%
HRs Player % Correct
29Kirk Gibson
68.9%
27Kirk Gibson
68.9%
28Kirk Gibson
68.9%
41Norm Cash
68.3%
39Norm Cash
68.3%
26Norm Cash
68.3%
30Norm Cash
68.3%
32Norm Cash
68.3%
25Norm Cash
68.3%
32Norm Cash
68.3%
32Lance Parrish
65.9%
27Lance Parrish
65.9%
33Lance Parrish
65.9%
28Lance Parrish
65.9%
28Magglio Ordonez
63.4%
40Darrell Evans
60.6%
29Darrell Evans
60.6%
34Darrell Evans
60.6%
35Rocky Colavito
55.1%
45Rocky Colavito
55.1%
37Rocky Colavito
55.1%
36Willie Horton
53.9%
29Willie Horton
53.9%
27WIllie Horton
53.9%
28Willie Horton
53.9%
25Willie Horton
53.9%
31Mickey Tettleton
52.5%
32Mickey Tettleton
52.5%
32Mickey Tettleton
52.5%
30Curtis Granderson
50%
27Brandon Inge
43.6%
27Brandon Inge
43.6%
26Bobby Higginson
43.3%
27Bobby Higginson
43.3%
25Bobby Higginson
43.3%
30 Bobby Higginson
43.3%
HRs Player % Correct
34Tony Clark
42.5%
27Tony Clark
42.5%
32Tony Clark
42.5%
31Tony Clark
42.5%
25Bill Freehan
40.9%
32Matt Nokes
40.1%
28Ian Kinsler
39%
38Dean Palmer
37.8%
29Dean Palmer
37.8%
25Rob Deer
35.8%
32Rob Deer
35.8%
26Nicholas Castellanos
34.5%
35Rudy York
34.1%
33Rudy York
34.1%
33Rudy York
34.1%
27Rudy York
34.1%
34Rudy York
34.1%
31Jason Thompson
33.6%
26Jason Thompson
33.6%
29Dmitri Young
33.1%
31Justin Upton
31%
28Justin Upton
30.7%
25Gary Sheffield
30%
25Jim Northrup
25.2%
28Craig Monroe
22.6%
26Steve Kemp
21%
26Marcus Thames
21%
25Marcus Thames
21%
27Damian Easley
20.8%
27Carlos Pena
19.8%
27Vic Wertz
16.5%
27Vic Wertz
16.5%
28Charlie Maxwell
13.2%
31Charlie Maxwell
13.2%
25Ray Boone
12%
25Dale Alexander
9%

You're not logged in!

Compare scores with friends on all Sporcle quizzes.
OR
Log In

Sporcle TV

Today on Sporcle TV


Watch our educational content, quiz creation guides, and fun videos on Sporcle TV.

Show Comments

Extras

Top Quizzes Today


Score Distribution

Paid Content

Your Account Isn't Verified!

In order to create a playlist on Sporcle, you need to verify the email address you used during registration. Go to your Sporcle Settings to finish the process.

Report this User

Report this user for behavior that violates our Community Guidelines.

Details: